00571nam a22001817a 450000500170000001000130001702000260003002000230005603500130007903700080009208200110010010000280011124500910013926000530023027000380028330000490032150000190037020210602125559.0 aB-379480 a9789812615183c399.00 a9812615180c399.00 aB-379480 bUBH a954.16 aChandra, Anjana Motihar aDiscover Delhi :bthe city's history & culture redefined /cby Anjana Motihar Chandra. aSingapore :bMarshall Cavendish Editions ;c2008 a1 New Industrial Road,bSingapore a159 p. :bcol. ill., col. map ;c22 cm(pbk)  aIncludes index